| 000 | 00593nab a2200205 a 4500 | ||
|---|---|---|---|
| 005 | 20210223131625.0 | ||
| 008 | 991125s1985 mx 000 0 spa u | ||
| 035 | _aUPN01000182601 | ||
| 100 | 1 |
_aLaguarda, Rodrigo _937606 |
|
| 222 | _aSECUENCIA : | ||
| 222 | _bREVISTA DE HISTORIA Y CIENCIAS SOCIALES | ||
| 245 | _aEl ambiente : espacios de sociabilidad gay en la Ciudad de México : 1968-1982 | ||
| 260 | _aMéxico | ||
| 300 | _a151-174 | ||
| 362 | 0 | _a2010 No. 78, sept.-dic. | |
| 653 | 0 | _aHOMOSEXUALIDAD | |
| 653 | 0 | _aCIUDAD DE MEXICO | |
| 653 | 0 | _aIDENTIDAD | |
| 905 | _aArticulo | ||
| 999 |
_c154704 _d154704 |
||